100 Churches 100 Years. (Record no. 17178)

MARC details
000 -LEADER
fixed length control field 00430nam a2200169Ia 4500
008 - FIXED-LENGTH DATA ELEMENTS--GENERAL INFORMATION
fixed length control field 220803s9999 xx 000 0 und d
020 ## - INTERNATIONAL STANDARD BOOK NUMBER
International Standard Book Number 9781849945141
041 ## - LANGUAGE CODE
Language code of text/sound track or separate title eng
082 ## - DEWEY DECIMAL CLASSIFICATION NUMBER
Classification number 722
100 ## - MAIN ENTRY--PERSONAL NAME
Personal name Charlton S Ed.
9 (RLIN) 26992
245 ## - TITLE STATEMENT
Title 100 Churches 100 Years.
260 ## - PUBLICATION, DISTRIBUTION, ETC. (IMPRINT)
Place of publication, distribution, etc. London
Name of publisher, distributor, etc. Batsford.
Date of publication, distribution, etc. 2019
300 ## - PHYSICAL DESCRIPTION
Extent 206p
500 ## - GENERAL NOTE
Keywords 30
650 ## - SUBJECT ADDED ENTRY--TOPICAL TERM
Topical term or geographic name as entry element Architectural History
9 (RLIN) 26993
700 ## - ADDED ENTRY--PERSONAL NAME
Personal name Harwood E Ed. Price C Ed.
9 (RLIN) 26994
Holdings
Withdrawn status Lost status Damaged status Not for loan Collection code Home library Current library Shelving location Date acquired Vendor Cost, normal purchase price Full call number Barcode Date last seen Cost, replacement price Bill Date Koha item type Original Barcode
        Book of B Arch Dr. Bhanuben Nanavati College of Architecture Dr. Bhanuben Nanavati College of Architecture   12/12/2019 Word Book Shop 2372.50 729.7 CHA BNCA-BK-11283 03/08/2022 2402.50 05/12/2019 Reference book B11283